000
00316 a2200157 4500
001
65375
020
_a
9788579800252
040
_c
Anchieta - Pituba
100
_a
Shepard, Sara
240
1
0
_a
Maldosas
_l
245
1
0
_a
Maldosas
300
_a
289
362
0
_a
2010
650
4
_a
Literatura juvenil
942
_c
BK
999
_c
65375
_d
65375